Score 0/30 Timer 04:00
0 Plays Today
Hint (M)ore or (F)ewer? % Correct
Human bones???
92.7%
Weeks in a year???
92.7%
Elements on the periodic table???
92.7%
Cards in a standard card deck???
91.8%
Oscar Best Picture winners???
86.8%
3-Letter body parts???
86.5%
Canadian provinces and territories???
85.9%
Former USSR countries???
85.3%
Zodiac signs (English and Chinese)???
84.8%
Crayola crayon colors???
82.9%
Published George Orwell novels???
81.3%
NFL teams???
80.6%
Constellations???
76.8%
Beatles #1 hits???
71.6%
Original Pokémon???
71.4%
Hint (M)ore or (F)ewer? % Correct
EU countries???
71.3%
Major Battles of the US Revolutionary War???
69.2%
African countries???
68.9%
Countries without militaries???
67.6%
Sporcle categories???
66.6%
Risk territories???
66.1%
Spaces on a Monopoly board???
65.1%
Big Four teams???
61.7%
Books of the Bible???
60.3%
Countries with English as an official language???
50.2%
Prime Ministers of the UK???
49.6%
All-Time Premier League clubs???
49.4%
Asian countries???
44.1%
2016 Summer Olympic sports???
40.3%
Films directed by Alfred Hitchcock???
33.6%

You're not logged in!

Compare scores with friends on all Sporcle quizzes.
OR
Log In

Sporcle TV

Today on Sporcle TV


Watch our educational content, quiz creation guides, and fun videos on Sporcle TV.

Show Comments

Extras

Top Quizzes Today


Score Distribution

Paid Content

Your Account Isn't Verified!

In order to create a playlist on Sporcle, you need to verify the email address you used during registration. Go to your Sporcle Settings to finish the process.

Report this User

Report this user for behavior that violates our Community Guidelines.

Details: